000 00931cab a2200325 4500
001 ABS50953
008 090401t1994 xxu||||| |||| 00| 0 eng d
035 _a(Sirsi) u2868
041 _aeng
100 _aHoffman, A.
245 _aToo late?
260 _c1994
350 _a0
490 _aMortgage Finance
_v126(1537) June 1994, 46-47(2)
520 _aDiscusses limitations of time when considering cases of surveyors negligence.
650 _aABOUT RICS-RICS MEMBERS
650 _aFELTON V GASKILL OSBORNE & CO
650 _aHORBURY V CRAIG HALL & RUTLEY
650 _aNEGLIGENCE
650 _aOVER-VALUATION
650 _aSOS ENVIRONMENT V ESSEX GOODMAN & SUGGITT
650 _aSTRUCTURAL SURVEYS
650 _aSURVEYORS
650 _aTIME LIMITS
650 _aTIME-BARRED
650 _aVALUERS
690 _aMANAGEMENT-BUSINESS MANAGEMENT-PROFESSIONAL PRACTICE
942 _n0
948 _c04/03/1997
999 _c1726
_d1726